[Event "TCh-RUS Women 2017"]
[Site "Sochi RUS"]
[Date "2017.05.01"]
[Round "1.1"]
[Board "1"]
[White "Ambartsumova, Karina"]
[Black "Kashlinskaya, Alina"]
[Result "1/2-1/2"]
[WhiteTitle "WGM"]
[BlackTitle "IM"]
[WhiteElo "2324"]
[BlackElo "2427"]
[WhiteTeam "Rook Republic of Tatarstan"]
[BlackTeam "Legacy Square Capital Moscow"]
[WhiteFideId "4166299"]
[BlackFideId "4198026"]
[EventDate "2017.05.01"]

1. d4 Nf6 2. Nf3 d5 3. e3 e6 4. Bd3 c5 5. b3 Nc6 6. a3 Be7 7. Bb2 cxd4 8. exd4
O-O 9. Nbd2 b6 10. O-O Bb7 11. Re1 Rc8 12. Rc1 Re8 13. Qe2 Bf8 14. Ne5 g6 15.
Qe3 Bg7 16. Ndf3 h6 17. Nxc6 Bxc6 18. Ne5 Bb7 19. a4 Ne4 20. Ba3 a6 21. Qe2 Bf6
22. g3 Bxe5 23. dxe5 Nc3 24. Qg4 d4 25. Bxg6 fxg6 26. Qxg6+ Kh8 27. Qxh6+ Kg8
28. Qg6+ Kh8 29. Qh6+ Kg8 30. Qg6+ Kh8 31. Qh6+ 1/2-1/2

[Event "TCh-RUS Women 2017"]
[Site "Sochi RUS"]
[Date "2017.05.01"]
[Round "1.1"]
[Board "2"]
[White "Kovalevskaya, Ekaterina"]
[Black "Nebolsina, Vera"]
[Result "1/2-1/2"]
[WhiteTitle "IM"]
[BlackTitle "WGM"]
[WhiteElo "2416"]
[BlackElo "2284"]
[WhiteTeam "Legacy Square Capital Moscow"]
[BlackTeam "Rook Republic of Tatarstan"]
[WhiteFideId "4116704"]
[BlackFideId "4163591"]
[EventDate "2017.05.01"]

1. e4 c5 2. Nf3 d6 3. c3 Nf6 4. Bd3 g6 5. O-O Bg7 6. Bc2 e5 7. d4 cxd4 8. cxd4
exd4 9. Nxd4 O-O 10. Nc3 a6 11. Bg5 h6 12. Bh4 Nc6 13. Rc1 Re8 14. Nxc6 bxc6 15.
Qd3 d5 16. Ba4 dxe4 17. Qxd8 Rxd8 18. Bxc6 Ra7 19. b3 g5 20. Bg3 Re7 21. Rfd1
Rxd1+ 22. Rxd1 Bd7 23. Bxd7 Rxd7 24. Rxd7 Nxd7 25. Nd5 Bf8 26. Bc7 f5 27. h4 Kf7
28. hxg5 hxg5 29. Bd8 g4 30. Bc7 Nc5 31. Nf4 Bg7 32. Kf1 Ke7 33. Ke2 Kd7 34. Bb6
Ne6 35. Nxe6 Kxe6 36. Ke3 Bb2 37. g3 Kd5 38. Kf4 Ke6 39. Ke3 Kd5 40. Kf4 Ke6 41.
Kg5 Bc1+ 42. Be3 Ba3 43. Bd4 1/2-1/2

[Event "TCh-RUS Women 2017"]
[Site "Sochi RUS"]
[Date "2017.05.01"]
[Round "1.1"]
[Board "3"]
[White "Belova, Olga"]
[Black "Pustovoitova, Daria"]
[Result "1/2-1/2"]
[WhiteTitle "WFM"]
[BlackTitle "FM"]
[WhiteElo "2050"]
[BlackElo "2420"]
[WhiteTeam "Rook Republic of Tatarstan"]
[BlackTeam "Legacy Square Capital Moscow"]
[WhiteFideId "4138422"]
[BlackFideId "4182146"]
[EventDate "2017.05.01"]

1. e4 c5 2. Nf3 d6 3. d4 cxd4 4. Nxd4 Nf6 5. Nc3 a6 6. Be2 e6 7. O-O Qc7 8. f4
Be7 9. Kh1 O-O 10. Be3 b5 11. e5 dxe5 12. fxe5 Nfd7 13. Bf3 Bb7 14. Bf4 Rd8 15.
Bxb7 Qxb7 16. Qg4 Nf8 17. Rad1 Nbd7 18. Bh6 g6 19. Qf4 f5 20. exf6 e5 21. f7+
Kh8 22. Qf3 Qxf3 23. Nxf3 Bf6 24. Ne4 Bg7 25. Bg5 Rdc8 26. c3 b4 27. Nd6 Rcb8
28. c4 b3 29. axb3 Rxb3 30. Bc1 Nc5 31. Nd2 Rb4 32. Ne8 Rd8 33. Nf3 Rxd1 34.
Rxd1 e4 35. Nxg7 Kxg7 36. Be3 exf3 37. Bxc5 fxg2+ 38. Kxg2 Rxb2+ 39. Kg3 Rb3+
40. Kg2 Rb7 41. Rd8 Rxf7 42. Bd4+ Kh6 43. Be3+ Kg7 44. Bd4+ Kh6 45. c5 Ne6 46.
Be3+ Kg7 47. Rd6 Kf6 48. Rxa6 Ke5 49. Rc6 Rc7 50. Rxc7 Nxc7 51. Kf3 1/2-1/2

[Event "TCh-RUS Women 2017"]
[Site "Sochi RUS"]
[Date "2017.05.01"]
[Round "1.2"]
[Board "2"]
[White "Ubiennykh, Ekaterina"]
[Black "Pogonina, Natalija"]
[Result "1/2-1/2"]
[WhiteTitle "WIM"]
[BlackTitle "WGM"]
[WhiteElo "2307"]
[BlackElo "2479"]
[WhiteTeam "Donchanka Rostov region"]
[BlackTeam "Yugra Khanty-Yugra"]
[WhiteFideId "4137582"]
[BlackFideId "4147855"]
[EventDate "2017.05.01"]

1. d4 Nf6 2. c4 e6 3. Nc3 d5 4. cxd5 exd5 5. Bg5 c6 6. e3 Bf5 7. Qf3 Bg6 8. Bxf6
Qxf6 9. Qxf6 gxf6 10. Nf3 Nd7 11. Nh4 Be7 12. Ne2 Bb4+ 13. Kd1 Bd3 14. Nf4 Bg6
15. Bd3 Nb6 16. Rc1 Bd6 17. Re1 Kd7 18. Bf5+ Bxf5 19. Nxf5 Bxf4 20. exf4 Rae8
21. Kc2 Nc4 22. Nh6 Nd6 23. Ng4 Rxe1 24. Rxe1 Ne4 25. Re3 Rg8 26. f3 h5 27. fxe4
Rxg4 28. g3 dxe4 29. Rxe4 h4 30. Re3 hxg3 31. hxg3 Rg8 32. Kd3 f5 33. d5 cxd5
34. Kd4 Kd6 35. Ra3 a6 36. Rb3 Kc6 37. Rc3+ Kd6 38. Rb3 Kc6 39. Rc3+ Kd6 40. Rb3
Kc6 41. Re3 Kd6 42. Re5 Rxg3 43. Rxf5 Rg2 44. Rf6+ Kc7 45. Rxf7+ Kc6 46. Rf6+
Kb5 47. a4+ Ka5 48. b4+ Kxb4 49. Rb6+ Kxa4 50. Kxd5 Rf2 51. Ke5 a5 52. f5 Ka3
53. f6 a4 54. Ke6 Ka2 55. f7 a3 56. Rb5 Rxf7 57. Kxf7 Ka1 58. Ke6 a2 59. Kd5 b6
60. Rb3 b5 61. Kc5 b4 62. Re3 b3 63. Rxb3 1/2-1/2

[Event "TCh-RUS Women 2017"]
[Site "Sochi RUS"]
[Date "2017.05.01"]
[Round "1.2"]
[Board "4"]
[White "Maltsevskaya, Aleksandra"]
[Black "Nechaeva, Marina"]
[Result "1/2-1/2"]
[BlackTitle "IM"]
[WhiteElo "2199"]
[BlackElo "2409"]
[WhiteTeam "Donchanka Rostov region"]
[BlackTeam "Yugra Khanty-Yugra"]
[WhiteFideId "24174041"]
[BlackFideId "4149351"]
[EventDate "2017.05.01"]

1. e4 c6 2. Nc3 d5 3. Nf3 Bg4 4. h3 Bxf3 5. Qxf3 e6 6. Be2 Bc5 7. O-O Ne7 8. Na4
Bd6 9. d4 dxe4 10. Qxe4 Nd7 11. Rd1 O-O 12. c4 Ng6 13. Nc3 Qc7 14. Be3 a6 15.
Rac1 Rae8 16. Qc2 f5 17. c5 Bf4 18. Bc4 Kh8 19. Bxf4 Nxf4 20. b4 Rf6 21. Ne2 Nd5
22. Bxd5 exd5 23. Re1 Rfe6 24. Qd2 Nf6 25. Nc3 Ne4 26. Nxe4 dxe4 27. d5 cxd5 28.
Qxd5 f4 29. Rcd1 e3 30. fxe3 fxe3 31. Qd7 Qb8 32. Re2 h6 33. Rde1 R8e7 34. Qd3
Qe8 35. a3 Re4 36. Qc3 R7e6 37. Qd3 Qe7 38. Rd1 Qf8 39. Rf1 Qe8 40. Rfe1 R6e5
41. Rf1 a5 42. Qd6 Kh7 43. Qd3 Qg6 44. Rf8 axb4 45. axb4 Re6 46. b5 Rb4 47.
Qxg6+ Kxg6 48. c6 bxc6 49. bxc6 Rc4 50. Rf3 Rcxc6 1/2-1/2

[Event "TCh-RUS Women 2017"]
[Site "Sochi RUS"]
[Date "2017.05.01"]
[Round "1.3"]
[Board "1"]
[White "Suslova, Alena"]
[Black "Sazonova, Anastasia"]
[Result "1/2-1/2"]
[WhiteTitle "WFM"]
[BlackTitle "WFM"]
[WhiteElo "2216"]
[BlackElo "2191"]
[WhiteTeam "Yuzhnyy Ural Chelyabinsk region"]
[BlackTeam "Bukavushki Tolyatti"]
[WhiteFideId "24111643"]
[BlackFideId "24131008"]
[EventDate "2017.05.01"]

1. c4 c6 2. Nf3 d5 3. e3 Nf6 4. Nc3 Bg4 5. cxd5 Bxf3 6. Qxf3 cxd5 7. Bb5+ Nc6 8.
d4 e6 9. O-O Rc8 10. Bd2 Bd6 11. Rfc1 O-O 12. Rab1 a6 13. Bxc6 Rxc6 14. e4 dxe4
15. Nxe4 Nxe4 16. Qxe4 Rxc1+ 17. Rxc1 Qb8 18. g3 Rc8 19. Rxc8+ Qxc8 20. d5 exd5
21. Qxd5 Bf8 22. Bc3 b5 23. Kg2 h6 24. h3 Be7 25. Qe4 Bf8 26. Qd5 Be7 27. Qe4
Bf8 28. Qd5 Be7 1/2-1/2

[Event "TCh-RUS Women 2017"]
[Site "Sochi RUS"]
[Date "2017.05.01"]
[Round "1.3"]
[Board "2"]
[White "Trapeznikova, Darya"]
[Black "Filippova, Darya"]
[Result "1/2-1/2"]
[WhiteTitle "WFM"]
[BlackTitle "WFM"]
[WhiteElo "2112"]
[BlackElo "2015"]
[WhiteTeam "Bukavushki Tolyatti"]
[BlackTeam "Yuzhnyy Ural Chelyabinsk region"]
[WhiteFideId "24121118"]
[BlackFideId "24173738"]
[EventDate "2017.05.01"]

1. d4 d5 2. c4 e6 3. Nc3 Nf6 4. cxd5 Nxd5 5. e4 Nxc3 6. bxc3 c5 7. Nf3 cxd4 8.
cxd4 Bb4+ 9. Bd2 Bxd2+ 10. Qxd2 O-O 11. Bc4 b6 12. O-O Bb7 13. Rfe1 Nc6 14. Rad1
Qf6 15. e5 Qh6 16. Qxh6 gxh6 17. Re4 Ne7 18. Rg4+ Kh8 19. Rf4 Rac8 20. Bd3 Rc3
21. Rh4 Rfc8 22. Ne1 Kg7 23. Rg4+ Ng6 24. f4 f5 25. exf6+ Kxf6 26. Bxg6 hxg6 27.
Nd3 Rc2 28. Ne5 Be4 29. a3 Re2 30. Rg3 Rcc2 31. Ng4+ Ke7 32. Ne3 Rcd2 33. Rxd2
Rxd2 34. Ng4 Rxd4 35. Nxh6 Rd3 36. Rxd3 Bxd3 37. Kf2 Kd6 38. Ke3 Bf1 39. g4 Kc5
40. f5 exf5 41. gxf5 gxf5 42. Nxf5 Bh3 43. Nd4 Kc4 44. Nc6 a5 45. a4 Kb3 46. Kd2
Kxa4 47. Kc1 b5 48. Kb2 b4 49. Nd4 b3 1/2-1/2

[Event "TCh-RUS Women 2017"]
[Site "Sochi RUS"]
[Date "2017.05.01"]
[Round "1.3"]
[Board "3"]
[White "Mukhina, Jana"]
[Black "Azimova, Karina"]
[Result "1/2-1/2"]
[WhiteTitle "WFM"]
[WhiteElo "2004"]
[BlackElo "2059"]
[WhiteTeam "Yuzhnyy Ural Chelyabinsk region"]
[BlackTeam "Bukavushki Tolyatti"]
[WhiteFideId "34115428"]
[BlackFideId "4108310"]
[EventDate "2017.05.01"]

1. e4 Nf6 2. e5 Nd5 3. c4 Nb6 4. d4 d6 5. exd6 cxd6 6. Nc3 g6 7. Be3 Bg7 8. Rc1
O-O 9. b3 Bf5 10. g4 Bc8 11. h4 e5 12. d5 f5 13. g5 f4 14. Bd2 Bf5 15. Bh3 Na6
16. Bxf5 gxf5 17. Nb5 Nc5 18. Bb4 a6 19. Nc3 Nbd7 20. Nh3 Qb6 21. Bxc5 Nxc5 22.
O-O Qd8 23. Kh1 Qd7 24. Rg1 Ne4 25. Nxe4 fxe4 26. Rg4 Qf5 27. h5 Rf7 28. Qg1 e3
29. f3 Kh8 30. g6 Qxh5 31. gxf7 Qxh3+ 32. Qh2 Qxf3+ 33. Qg2 Qxg2+ 34. Kxg2 Rf8
35. Kf3 Rxf7 36. Rcg1 h6 37. Rg6 Bf8 38. c5 dxc5 39. d6 Kh7 40. Re6 Rd7 41. Rd1
Kg7 42. Rxe5 Rxd6 43. Rxd6 Bxd6 44. Rd5 Be7 45. Rd7 Kf6 46. Rxb7 Bd8 47. Ra7 a5
48. Ra8 Ke7 49. Rc8 h5 50. Rxc5 h4 51. Kxf4 h3 52. Re5+ Kd6 53. Rxe3 h2 54. Rh3
Kc5 55. Ke4 Bc7 56. a3 Kb5 57. Rh5+ Kc6 58. Kd3 Bd6 59. a4 Bc7 60. Kc4 Bg3 61.
Rh6+ Bd6 62. b4 axb4 63. a5 Kb7 64. Rh5 Ka6 65. Kd5 Bc7 66. Kc4 Bd6 67. Kb3 Ka7
68. Ka4 Ka6 69. Rh6 Ka7 70. a6 Bf4 71. Rh4 Kxa6 72. Kxb4 Kb6 1/2-1/2

[Event "TCh-RUS Women 2017"]
[Site "Sochi RUS"]
[Date "2017.05.01"]
[Round "1.3"]
[Board "4"]
[White "Chan, Naruna"]
[Black "Simakova, Elena"]
[Result "1/2-1/2"]
[WhiteElo "2041"]
[BlackElo "1930"]
[WhiteTeam "Bukavushki Tolyatti"]
[BlackTeam "Yuzhnyy Ural Chelyabinsk region"]
[WhiteFideId "24124290"]
[BlackFideId "34142166"]
[EventDate "2017.05.01"]

1. e4 e5 2. Nf3 Nc6 3. Bb5 Nf6 4. d3 d6 5. h3 Bd7 6. O-O g6 7. c3 Bg7 8. Re1 O-O
9. Bg5 h6 10. Be3 Qe8 11. Nbd2 Kh7 12. Nf1 Nd4 13. Bxd7 Nxf3+ 14. Qxf3 Qxd7 15.
Rad1 d5 16. Bc1 Rad8 17. Ng3 d4 18. cxd4 Qxd4 19. Ne2 Qb6 20. Nc3 c5 21. Qe3 Qc6
22. Kh1 Rd7 23. Rf1 Rfd8 24. f4 exf4 25. Rxf4 Nh5 26. Rf3 c4 27. d4 Rxd4 28.
Rxd4 Rxd4 29. Rxf7 Rd3 30. Qf2 Ng3+ 31. Kg1 Nxe4 32. Nxe4 Qxe4 33. Qf6 Qd4+ 34.
Qxd4 Rxd4 35. Be3 Rd1+ 36. Kf2 Kg8 37. Rxb7 a5 38. Ke2 Rb1 39. Rb8+ Kf7 40. Rb7+
Kg8 41. Rb6 g5 42. Kd2 Rxb2+ 43. Rxb2 Bxb2 44. Kc2 Be5 45. a4 Kf7 46. Bb6 Ke6
47. Bxa5 h5 48. g4 hxg4 49. hxg4 Bf6 50. Bc3 Bd8 51. Kd2 Kd5 52. Ke3 Bb6+ 53.
Kf3 Bd8 54. a5 Kc5 55. Ke4 Kb5 56. Kd5 Bc7 57. Bd2 Bf4 58. Bc3 Bc7 59. a6 Bb6
60. Bd4 c3 61. Bxc3 Kxa6 62. Ke6 Kb5 63. Kf5 Kc6 64. Kxg5 Kd7 65. Kf6 Ke8 66.
Kg7 Be3 67. Bf6 Bd2 68. Kg6 Kf8 69. Kh7 Kf7 70. Bg7 Bg5 71. Bh6 Bf6 72. g5 Bxg5 1/2-1/2

[Event "TCh-RUS Women 2017"]
[Site "Sochi RUS"]
[Date "2017.05.01"]
[Round "1.4"]
[Board "1"]
[White "Gutkovich, Polina"]
[Black "Bodnaruk, Anastasia"]
[Result "1/2-1/2"]
[BlackTitle "IM"]
[WhiteElo "1961"]
[BlackElo "2438"]
[WhiteTeam "Zhiguli Samara region"]
[BlackTeam "SDYUSSHOR SHSH St Petersburg"]
[WhiteFideId "34111597"]
[BlackFideId "4181751"]
[EventDate "2017.05.01"]

1. e4 d6 2. d4 g6 3. Nc3 Bg7 4. Be3 a6 5. a4 Nf6 6. h3 O-O 7. Nf3 a5 8. Be2 Nc6
9. O-O Nb4 10. Qd2 c6 11. Bh6 e5 12. Bxg7 Kxg7 13. Rad1 Qe7 14. dxe5 dxe5 15.
Qg5 Re8 16. Rd2 Qc5 17. Rfd1 Nh5 18. Qe3 Qxe3 19. fxe3 Nf6 20. Bc4 Re7 21. Kf2
h6 22. Bb3 Be6 23. Bxe6 Rxe6 24. Rd8 Rxd8 25. Rxd8 Nxc2 26. Nd2 b5 27. Ke2 b4
28. Nd1 c5 29. Nf2 b3 30. Nc4 Nh5 31. g4 Ng3+ 32. Kf3 Nf1 33. Ke2 Ng3+ 34. Kf3
Nf1 35. Ke2 Ng3+ 36. Kf3 Nf1 37. Ke2 Ng3+ 1/2-1/2

[Event "TCh-RUS Women 2017"]
[Site "Sochi RUS"]
[Date "2017.05.01"]
[Round "1.4"]
[Board "4"]
[White "Chernyak, Viktoria"]
[Black "Kalashnikova, Elena"]
[Result "1-0"]
[WhiteTitle "WFM"]
[WhiteElo "2254"]
[BlackElo "1720"]
[WhiteTeam "SDYUSSHOR SHSH St Petersburg"]
[BlackTeam "Zhiguli Samara region"]
[WhiteFideId "24165956"]
[BlackFideId "24133418"]
[EventDate "2017.05.01"]

1. d4 d5 2. c4 e6 3. Nc3 c6 4. e3 Nd7 5. Nf3 Ngf6 6. Bd3 dxc4 7. Bxc4 Nb6 8. Bd3
Be7 9. O-O O-O 10. b3 Nbd5 11. Ne2 Qa5 12. Bb2 Ba3 13. Bxa3 Qxa3 14. Qc1 Qxc1
15. Raxc1 Nb4 16. Bb1 b6 17. a3 Ba6 18. Rfe1 Nd3 19. Bxd3 Bxd3 20. Ne5 Bxe2 21.
Rxe2 Rfc8 22. Nxc6 Kf8 23. Rec2 Ke8 24. Kf1 Rc7 25. Ne5 Rxc2 26. Rxc2 Nd7 27.
Nd3 Nf6 28. Ke2 Ne4 29. Rc6 Ke7 30. Rc7+ Ke8 31. Ne5 Nd6 32. Rd7 Rd8 33. Rxa7 f6
34. Nc4 Nxc4 35. bxc4 Rc8 36. Rxg7 Rxc4 37. Rxh7 Ra4 38. Rb7 Rxa3 39. Rxb6 Ke7
40. h4 Ra2+ 41. Kf3 Ra5 42. g4 Rd5 43. h5 Rg5 44. Rb7+ Kf8 45. Kg3 Ra5 46. h6
Kg8 47. Re7 Ra6 48. f4 Rb6 49. g5 fxg5 50. fxg5 Rb1 51. Rxe6 1-0

[Event "TCh-RUS Women 2017"]
[Site "Sochi RUS"]
[Date "2017.05.02"]
[Round "2.1"]
[Board "1"]
[White "Nasybullina, Alfia"]
[Black "Gutkovich, Polina"]
[Result "1/2-1/2"]
[WhiteTitle "WFM"]
[WhiteElo "2162"]
[BlackElo "1961"]
[WhiteTeam "Bukavushki Tolyatti"]
[BlackTeam "Zhiguli Samara region"]
[WhiteFideId "4132416"]
[BlackFideId "34111597"]
[EventDate "2017.05.01"]

1. c4 c5 2. Nc3 Nc6 3. Nf3 g6 4. e3 e5 5. d4 d6 6. Be2 cxd4 7. exd4 Bg7 8. O-O
Nxd4 9. Nxd4 exd4 10. Nd5 Be6 11. Bg4 Nf6 12. Qxd4 Bxd5 13. cxd5 O-O 14. Bd1 Re8
15. Rb1 Ne4 16. Qb4 a5 17. Qb3 Qh4 18. g3 Qh3 19. Qf3 Bh6 20. Qg2 Qxg2+ 21. Kxg2
Bxc1 22. Rxc1 Nd2 23. Ba4 Nxf1 24. Bxe8 Rxe8 25. Kxf1 Re5 26. Rd1 Kf8 27. f4 Re4
28. Kf2 Rc4 29. Ke3 Ke7 30. Rd2 Kd7 31. Kd3 Rc5 32. Kd4 Rc1 33. Kd3 Rc5 34. Kd4
Rc1 35. Kd3 1/2-1/2

[Event "TCh-RUS Women 2017"]
[Site "Sochi RUS"]
[Date "2017.05.02"]
[Round "2.1"]
[Board "2"]
[White "Pogorelskikh, Sofia"]
[Black "Trapeznikova, Darya"]
[Result "1/2-1/2"]
[BlackTitle "WFM"]
[WhiteElo "1964"]
[BlackElo "2112"]
[WhiteTeam "Zhiguli Samara region"]
[BlackTeam "Bukavushki Tolyatti"]
[WhiteFideId "44164548"]
[BlackFideId "24121118"]
[EventDate "2017.05.01"]

1. e4 e5 2. Nf3 Nc6 3. Bb5 a6 4. Ba4 Nf6 5. O-O b5 6. Bb3 Bb7 7. Re1 Bc5 8. c3
d6 9. d4 Bb6 10. Be3 h6 11. d5 Ne7 12. Bxb6 cxb6 13. Nbd2 O-O 14. Nf1 Nd7 15.
Bc2 f5 16. exf5 Nxf5 17. N3d2 Ne7 18. Ne4 Nf6 19. Nxf6+ Rxf6 20. Ne3 Bc8 21. Qd3
Ng6 22. h3 Nf4 23. Qh7+ Kf7 24. Ng4 Bxg4 25. hxg4 Qc8 26. f3 Qc5+ 27. Kf1 Qc4+
28. Kg1 Qc5+ 29. Kf1 a5 30. Qe4 Qc4+ 31. Qxc4 bxc4 32. Be4 Rc8 33. a4 Rc5 34.
Red1 Ke7 35. Kf2 Ng6 36. Ke3 Nf8 37. g3 g5 38. Rh1 Kf7 39. Rhb1 Nd7 40. Bf5 Ke7
41. Ke4 Rc8 42. Bxd7 Kxd7 43. Rf1 Re8 44. Rab1 Kc7 45. b3 cxb3 46. Rxb3 Ref8 47.
c4 Rb8 48. Rfb1 Rff8 49. Rh1 Rf6 50. Rhb1 Rff8 1/2-1/2

[Event "TCh-RUS Women 2017"]
[Site "Sochi RUS"]
[Date "2017.05.02"]
[Round "2.1"]
[Board "4"]
[White "Kalashnikova, Elena"]
[Black "Chan, Naruna"]
[Result "1/2-1/2"]
[WhiteElo "1720"]
[BlackElo "2041"]
[WhiteTeam "Zhiguli Samara region"]
[BlackTeam "Bukavushki Tolyatti"]
[WhiteFideId "24133418"]
[BlackFideId "24124290"]
[EventDate "2017.05.01"]

1. e4 c5 2. Nf3 Nc6 3. Bb5 g6 4. Bxc6 bxc6 5. O-O Bg7 6. Re1 Nh6 7. c3 f6 8. d4
cxd4 9. cxd4 d6 10. h3 Nf7 11. Nc3 O-O 12. Be3 e5 13. Qb3 Kh8 14. d5 c5 15. Qc4
Rb8 16. Rab1 Rb4 17. Qe2 f5 18. a3 Rb8 19. b4 fxe4 20. Nxe4 Bf5 21. Nfd2 cxb4
22. Rxb4 Qa5 23. Qc4 Rfc8 24. Qb3 Rxb4 25. axb4 Qa6 26. Rb1 Rc7 27. b5 Qc8 28.
Qa3 Qb7 29. Qb3 Kg8 30. Ra1 Qb8 31. Qa4 Bd7 32. Bxa7 Qxb5 33. Qxb5 Bxb5 34. Bb8
Rc8 35. Bxd6 Nxd6 36. Nxd6 Rd8 37. N2e4 Bd3 38. Rd1 Bc2 39. Rd2 Bb3 40. Rd3 Bc2
41. Rd2 Bb3 42. Rd3 Bc2 43. Rd2 Bb3 44. Rd3 1/2-1/2

[Event "TCh-RUS Women 2017"]
[Site "Sochi RUS"]
[Date "2017.05.02"]
[Round "2.2"]
[Board "2"]
[White "Filippova, Darya"]
[Black "Ubiennykh, Ekaterina"]
[Result "1/2-1/2"]
[WhiteTitle "WFM"]
[BlackTitle "WIM"]
[WhiteElo "2015"]
[BlackElo "2307"]
[WhiteTeam "Yuzhnyy Ural Chelyabinsk region"]
[BlackTeam "Donchanka Rostov region"]
[WhiteFideId "24173738"]
[BlackFideId "4137582"]
[EventDate "2017.05.01"]

1. d4 d5 2. c4 e6 3. Nf3 Nf6 4. e3 c6 5. b3 Nbd7 6. Nbd2 Qa5 7. Bb2 b5 8. cxb5
cxb5 9. Bd3 Bb7 10. Qe2 a6 11. O-O Ba3 12. Bxa3 Qxa3 13. Rac1 O-O 14. Rc7 Rab8
15. Rfc1 Qxa2 16. Ne5 Rfc8 17. R1c2 Qa1+ 18. Nf1 Rxc7 19. Rxc7 Nxe5 20. dxe5
Qxe5 21. Qc2 Ne8 22. Bxh7+ Kf8 23. Rd7 d4 24. f4 Qh5 25. Ng3 d3 26. Bxd3 Qh4 27.
Qc5+ Kg8 28. Qe5 Bc6 29. Qxb8 Bxd7 30. Qb7 Nf6 31. Qxa6 g6 32. Qa2 Nd5 33. Qe2
Qf6 34. Nf1 Bc6 35. Qd2 Nc3 36. Ng3 Bd5 37. b4 Bc6 38. Qc2 Kg7 39. h3 Bb7 40.
Ne4 Bxe4 41. Bxe4 g5 42. g3 gxf4 43. gxf4 Kh6 44. Bf3 Qg6+ 45. Qxg6+ Kxg6 46.
Bc6 e5 47. fxe5 Kf5 48. Be8 Kxe5 49. Bxf7 Nd1 50. Bb3 Nxe3 51. Kf2 Nf5 52. Bc2
Nd4 53. Bd3 Nc6 54. Bxb5 Nxb4 55. h4 Kf4 56. h5 Kg5 57. h6 Kxh6 1/2-1/2

[Event "TCh-RUS Women 2017"]
[Site "Sochi RUS"]
[Date "2017.05.02"]
[Round "2.2"]
[Board "4"]
[White "Simakova, Elena"]
[Black "Travkina, Anastasia"]
[Result "1-0"]
[BlackTitle "WFM"]
[WhiteElo "1930"]
[BlackElo "2274"]
[WhiteTeam "Yuzhnyy Ural Chelyabinsk region"]
[BlackTeam "Donchanka Rostov region"]
[WhiteFideId "34142166"]
[BlackFideId "24129151"]
[EventDate "2017.05.01"]

1. e4 c5 2. Nf3 d6 3. Bb5+ Nd7 4. O-O Nf6 5. Re1 a6 6. Bf1 e6 7. d4 cxd4 8. Nxd4
Be7 9. c4 Qc7 10. Nc3 O-O 11. Be3 b6 12. Rc1 Bb7 13. f3 Rac8 14. Qd2 Qb8 15. Qf2
Bd8 16. Red1 Bc7 17. g3 h6 18. Bh3 Rfe8 19. b3 Ne5 20. Qe2 Rcd8 21. f4 Ned7 22.
Bg2 Qa8 23. Bf2 Nc5 24. Re1 e5 25. fxe5 Rxe5 26. Nd5 Nxd5 27. cxd5 Bxd5 28. b4
Nxe4 29. Rxc7 Nxf2 30. Qxf2 Rxe1+ 31. Qxe1 Bxg2 32. Qe7 Rf8 33. Ne6 Bd5 34.
Qxf8+ Qxf8 35. Nxf8 Kxf8 36. Rd7 Bxa2 37. Rxd6 Ke7 38. Rxb6 Bc4 39. Kf2 g6 40.
Ke3 Kd7 41. Kd4 Be2 42. Kd5 Bf3+ 43. Ke5 Be2 44. Rb7+ Kc6 45. Rxf7 Kb5 46. Rb7+
Ka4 47. Kd4 Kb3 48. Kc5 h5 49. Rb6 Bd3 50. Rd6 Kc3 51. Kb6 Bb5 52. Ka5 Bd3 53.
Rxd3+ Kxd3 54. Kxa6 Ke4 55. b5 Kf3 56. b6 1-0

[Event "TCh-RUS Women 2017"]
[Site "Sochi RUS"]
[Date "2017.05.02"]
[Round "2.3"]
[Board "2"]
[White "Pogonina, Natalija"]
[Black "Kashlinskaya, Alina"]
[Result "1/2-1/2"]
[WhiteTitle "WGM"]
[BlackTitle "IM"]
[WhiteElo "2479"]
[BlackElo "2427"]
[WhiteTeam "Yugra Khanty-Yugra"]
[BlackTeam "Legacy Square Capital Moscow"]
[WhiteFideId "4147855"]
[BlackFideId "4198026"]
[EventDate "2017.05.01"]

1. d4 Nf6 2. c4 e6 3. Nf3 d5 4. g3 Bb4+ 5. Bd2 Bd6 6. Nc3 O-O 7. Bg5 Be7 8. Bg2
Nbd7 9. Qd3 c6 10. O-O b6 11. cxd5 cxd5 12. Rfc1 Bb7 13. Bf4 Ne4 14. h4 h6 15.
Nb5 a6 16. Bc7 Qe8 17. Nc3 Rc8 18. Bf4 g5 19. hxg5 hxg5 20. Bd2 f6 21. Qe3 Qg6
22. Nxe4 dxe4 23. Ne1 Bd6 24. Rxc8 Rxc8 25. Rc1 Rxc1 26. Bxc1 Qf5 27. Bd2 Kf7
28. Nc2 a5 29. b3 Qd5 30. Qc3 Ba6 31. Ne3 Qa8 32. Nc4 Be7 33. g4 Kg7 34. Qe3 Bb7
35. Qg3 Bd5 36. Qc7 Qc6 37. Qxc6 Bxc6 38. f3 exf3 39. Bxf3 Bxf3 40. exf3 f5 41.
Kf2 Bd8 42. gxf5 exf5 43. d5 Kg6 44. Ke3 g4 45. fxg4 fxg4 46. Ke4 Nf6+ 47. Kf4
Nxd5+ 1/2-1/2

[Event "TCh-RUS Women 2017"]
[Site "Sochi RUS"]
[Date "2017.05.02"]
[Round "2.3"]
[Board "3"]
[White "Kovalevskaya, Ekaterina"]
[Black "Girya, Olga"]
[Result "0-1"]
[WhiteTitle "IM"]
[BlackTitle "WGM"]
[WhiteElo "2416"]
[BlackElo "2476"]
[WhiteTeam "Legacy Square Capital Moscow"]
[BlackTeam "Yugra Khanty-Yugra"]
[WhiteFideId "4116704"]
[BlackFideId "4195752"]
[EventDate "2017.05.01"]

1. e4 c6 2. d4 d5 3. Nc3 dxe4 4. Nxe4 Bf5 5. Ng3 Bg6 6. Nf3 e6 7. Bd3 Nf6 8. O-O
Be7 9. Bxg6 hxg6 10. c4 c5 11. Qb3 Qb6 12. Be3 Nbd7 13. Qc3 Qc7 14. Rad1 Rc8 15.
b3 O-O 16. Ng5 cxd4 17. Qxd4 Rfd8 18. Qf4 Qxf4 19. Bxf4 Nc5 20. f3 a6 21. Be3 b5
22. Rxd8+ Rxd8 23. cxb5 Nd5 24. Bxc5 Bxc5+ 25. Kh1 axb5 26. N5e4 Be7 27. a4 bxa4
28. bxa4 f5 29. Nf2 Ra8 30. Ra1 Bf6 31. Ra2 Nc3 32. Ra3 Rb8 33. h4 Nb1 34. Ra2
Bxh4 35. Kh2 Nc3 36. Ra3 Bf6 37. a5 Bd4 38. Nh3 Kf7 39. a6 Ra8 40. Nf1 Nd5 41.
Nd2 Bc5 42. Ra4 Nb4 43. Nc4 Kf6 44. f4 Rxa6 45. Rxa6 Nxa6 46. Ng5 Nb4 47. g3 Nc6
48. Nf3 Bd4 49. Kh3 e5 50. fxe5+ Bxe5 51. Kh4 g5+ 52. Nxg5 Bxg3+ 53. Kxg3 Kxg5
54. Kf3 Kf6 55. Nd6 g5 56. Ne8+ Ke5 57. Kg3 Nd4 58. Kh3 Nb5 59. Ng7 Nc7 60. Nh5
f4 61. Ng7 Kf6 62. Nh5+ Kg6 63. Kg4 Ne6 0-1